000 01027nam0a22002771 4500
001 rc\3772898
005 20250530043435.0
021 _aRU
_b76-ОКЭ-189/12
021 _aRU
_bРг12284-76
035 _a(NLR Aleph) 007221742
090 _a7699725
_c7699725
100 _a20120127d1975 |||y0rusy50 ca
101 0 _arus
102 _aRU
105 _aa z |||||
200 1 _aДвойные системы
_eУчеб. пособие для упражнений, семинарских занятий, коллоквиумов
_fПод ред. проф. Б.Г. Лившица
_gМоск. ин-т стали и сплавов. Кафедра металлографии
210 _aМосква
_cБ. и.
_d1975
215 _a100 с.
_cил.
_d20
320 _aБиблиогр.: с. 99
700 1 _aБеляцкая
_bИ.С.
_gИрина Станиславовна
702 1 _aЛившиц
_bБ.Г.
_4340
801 0 _aRU
_bNLR
_gpsbo
801 1 _aRU
_bELAR
_2rusmarc
852 _aNLR
_j76-4/27622
942 _cBOOK
980 _aNB